Ispoľzovanije paralleľnych vyčislenij v učebnom processe
Paralelná práca s počítačom a jej využitie v učebnom procese. Paralelné výpočty v prostredí RadStudio XE7. Forma dištančného vzdelávania a spolupráce univerzít.
Gespeichert in:
| 1. Verfasser: | |
|---|---|
| Weitere Verfasser: | , |
| Format: | Buchkapitel |
| Sprache: | Russisch |
| Schlagworte: | |
| Tags: |
Keine Tags, Fügen Sie das erste Tag hinzu!
|
MARC
| LEADER | 00000naa$a2200000$$$4500 | ||
|---|---|---|---|
| 001 | 0242877 | ||
| 005 | 20240502083651.5 | ||
| 041 | 0 | |a rus | |
| 044 | |a RU | ||
| 245 | 1 | 0 | |a Ispoľzovanije paralleľnych vyčislenij v učebnom processe |c M. Serik, Ja. Kultan, N. Karelchan |
| 520 | |a Paralelná práca s počítačom a jej využitie v učebnom procese. Paralelné výpočty v prostredí RadStudio XE7. Forma dištančného vzdelávania a spolupráce univerzít. | ||
| 610 | 2 | 0 | |a vzdelávanie dištančné |
| 610 | 2 | 0 | |a vzdelávanie elektronické |
| 610 | 2 | 0 | |a počítače |
| 100 | 1 | |a Serik, M. | |
| 700 | 1 | |a Kultan, Jaroslav, 1960- | |
| 700 | 1 | |a Karelchan, N. | |